000 00441nam a2200169Ia 4500
008 230711s9999||||xx |||||||||||||| ||und||
020 _a978-988-1590-29-9
041 _aENG
082 _a720
_bPH-H
100 _aPhoenix Publishing Ltd
245 0 _aHip hotels
_bThe most remarkable places on earth
250 _a1st Ed.
260 _c2012
_aHong Kong
_bPhoenix Publishing Limited
300 _a335
650 _aArchitecture
942 _cBK
999 _c5713
_d5713